000
00310nam a22001217a 4500
020
_a
9789351280002
082
_a
628.23
_b
MUT.GR
100
_a
Muthukrishna Iyer. S
_9
301
245
_a
Green Energy Sources And Future Energy Scenario
260
_a
Delhi
_b
kalpaz Publications
_c
2014
300
_a
214
942
_c
BK
999
_c
14233
_d
14233